01003cam a22002534a 450000100090000000300120000900500170002100800410003801000170007902000350009604000120013108200220014310000180016524500960018326000560027930000350033549000330037065000650040365000500046870000180051870000290053683000340056585601500059916612461NUST - PNEC20170116181159.0110114s2012 enka bf 001 0 eng  a 2010054118 a9780195389715 (acidfree paper) cLIBRARY00a616.85/84 GRA222 aGrant, Jon E.04aThe Oxford handbook of impulse control disorders cedited by Jon E. Grant, Marc N. Potenza. aOxford aNew York bOxford University Presscc2012. axvii, 573 p. :bill. ;c26 cm.1 aOxford library of psychology 0aImpulse control disordersvHandbooks, manuals, etc.xGeneral 0aCompulsive behaviorvHandbooks, manuals, etc.1 aGrant, Jon E.1 aPotenza, Marc N.,d1965- 0aOxford library of psychology. uhttp://www.amazon.com/Handbook-Impulse-Control-Disorders-Psychology/dp/0195389719/ref=sr_1_1?ie=UTF8&qid=1454903678&sr=8-1&keywords=9780195389715